Vplyv hospodárskej krízy na úroveň odvetví strojárstva Slovenskej republiky v období 2008-2010
Profil divízií strojárstva v období 2008-2009. Základné údaje o strojárstve v tomto období. Prehľad produkcie, pridanej hodnoty a investícií v jednotlivých kategóriách strojárstva v tomto období. Kvalitatívna úroveň strojárstva.
Enregistré dans:
| Auteur principal: | |
|---|---|
| Autres auteurs: | |
| Format: | Chapitre de livre |
| Langue: | slovaque |
| Sujets: | |
| Tags: |
Pas de tags, Soyez le premier à ajouter un tag!
|
MARC
| LEADER | 00000nla$a2200000$$$4500 | ||
|---|---|---|---|
| 001 | 0147175 | ||
| 005 | 20240605071523.1 | ||
| 041 | 0 | |a slo | |
| 044 | |a SK | ||
| 245 | 1 | 0 | |a Vplyv hospodárskej krízy na úroveň odvetví strojárstva Slovenskej republiky v období 2008-2010 |c Igor Hudák, Peter Malega |
| 520 | |a Profil divízií strojárstva v období 2008-2009. Základné údaje o strojárstve v tomto období. Prehľad produkcie, pridanej hodnoty a investícií v jednotlivých kategóriách strojárstva v tomto období. Kvalitatívna úroveň strojárstva. | ||
| 610 | 2 | 0 | |a priemysel strojársky |
| 610 | 2 | 0 | |a podnik strojársky |
| 610 | 2 | 0 | |a situácia hospodárska |
| 610 | 2 | 0 | |a analýza kvantitatívna |
| 610 | 2 | 0 | |a kvalita |
| 610 | 2 | 0 | |a Slovensko |
| 610 | 2 | 0 | |a kríza hospodárska |
| 100 | 1 | |a Hudák, Igor, 1985- | |
| 700 | 1 | |a Malega, Peter | |